1638 1469 1011 1685 1501 1919 1844 1145 1006 1651 1722 1824 1306 1179 1935 1878 1081 1905 1209 1238 1503 1779 1073 1968 1274 1454 1232 1263 1914 1004 1137 1420 1228 1310 1915 1147 1707 1764 1850 1860 1350 1119 1593 1121 1825 1353 1007 1181 1098 1672 1040 1431 1746 1528 1928 1719 1701 1861 1220 1799 1106 1007 1927 1349 1680 1038 1841 1469 1666 1180 1383 1871 1737 1377 1713 1002 1328 1934 1198 1279 1303 1600 1789 1730 1064 1046 1810 1532 1649 1504 1083 1180 1517 1666 1396 1594 1264 1843 1263 BCNSPRNW ULIB Ver.6.0+V

เปลี่ยนเป็นภาษาไทย

Change to English
 แสดงรายละเอียดบรรณานุกรม
  กลับหน้าหลัก

Brief Record : Get Marc (ISO 2709) : E-mail record : QR code < ปิดหน้าต่าง
LEADER : 00000nam 2200000uu 4500
001    13399111983
003     ULIB
008    110627s2550||||th 000 0 tha d
020    9789747552447
090    นว.^bT111ต 2550
100 0  Tiara
245 00 ต่อรักเติมใจ/^cTiara
250    พิมพ์ครั้งที่ 2
260    กรุงเทพฯ :^bแจ่มใส,^c2550
300    236 หน้า
710 1  แจ่มใส
945    ^p149^l0^i022012
995    ทศพร
999 ^a ใช้งานได้ทุกระบบ
รายการนี้ยังไม่มีแท็ก
คุณยังไม่ได้ล็อกอิน คุณสามารถมีกิจกรรมร่วมกับเว็บไซต์ได้ แต่ต้องล็อกอินก่อน ::
  ล็อกอิน

รายการสื่อสารสนเทศ

ลำดับที่ ประเภท เลขเรียก/บาร์โค้ด สถานที่ สถานะ
- ไม่พบข้อมูล -

รายการใกล้เคียง
    ผู้แต่ง [Tiara]

BibComment


ยังไม่เคยถูกคอมเมนท์

คอมเมนท์ทรัพยากรรายการนี้
  คอมเมนท์: ต่อรักเติมใจ Tiara


 Copyright 2026. Bcnsprnw @Library